Les pays ayant exactement 3 frontières (version difficile) - Statistiques

Statistiques générales
  • Ce quiz a été pris 468 fois
    348 depuis la dernière actualisation
  • Le résultat moyen est 15 sur 29
Statistiques - réponses
Pays % Correct
Maroc (Algérie, Mauritanie, Espagne)
76%
Mexique (Etats-Unis, Guatemala, Belize)
71%
Egypte (Soudan, Libye, Israël)
69%
Chili (Argentine, Bolivie, Pérou)
64%
Luxembourg (Belgique, Allemagne, France)
63%
Pays-Bas (Allemagne, Belgique, France)
63%
Finlande (Russie, Norvège, Suède)
61%
Suriname (Guyana, Brésil, France)
59%
Guyana (Brésil, Venezuela, Suriname)
58%
Norvège (Suède, Finlande, Russie)
56%
Paraguay (Argentine, Brésil, Bolivie)
56%
Venezuela (Brésil, Colombie, Guyana)
55%
Cambodge (Viêt Nam, Thaïlande, Laos)
52%
Honduras (Nicaragua, Guatemala, Salvador)
51%
Viêt Nam (Laos, Chine, Cambodge)
50%
Togo (Ghana, Benin, Burkina Faso)
49%
Corée du Nord (Chine, Corée du Sud, Russie)
47%
Oman (Arabie saoudite, Emirats arabes unis, Yémen)
47%
Somalie (Ethiopie, Kenya, Djibouti)
47%
Ghana (Togo, Côte d'Ivoire, Burkina Faso)
46%
Indonésie (Malaisie, Pap.-Nvl.-Guinée, Timor oriental)
44%
Malaisie (Indonésie, Thaïlande, Brunei)
44%
Djibouti (Ethiopie, Erythrée, Somalie)
42%
Erythrée (Ethiopie, Soudan, Djibouti)
40%
Gabon (Rép. du Congo, Guinée équatoriale, Cameroun)
40%
Liberia (Côte d'Ivoire, Guinée, Sierra Leone)
36%
Burundi (Tanzanie, Rwanda, R.D. Congo)
35%
Bosnie-Herzégovine (Croatie, Serbie, Monténégro)
34%
Malawi (Mozambique, Zambie, Tanzanie)
28%
Aucun quiz correspondant
Distribution des résultats
% des personnes avec chaque résultat
Percentile par nombre de réponses
Votre historique - résultats
Vous n’avez pas pris ce quiz depuis la dernière actualisation